000 00402nam a2200157Ia 4500
008 230524s9999 xx 000 0 und d
082 _bCHA
100 _aSumit kumar Chatterjee
_942028
245 0 _aSelf study Series A Course of Automobile Engineering
250 _a1
260 _aNew Delhi
_bUsha Books
300 _a412p;
500 _aQuantity Number: 1
650 _aMechanics
942 _cBK
999 _c56445
_d56445